Normal view
MARC view
Entry Personal Name
001 - CONTROL NUMBER
- control field: 45511
003 - CONTROL NUMBER IDENTIFIER
- control field: ARRUPE
005 - DATE AND TIME OF LATEST TRANSACTION
- control field: 20190328124401.0
008 - FIXED-LENGTH DATA ELEMENTS
- fixed length control field: 190328|| aca||aabn | a|a d
040 ## - CATALOGING SOURCE
- Original cataloging agency: ARRUPE
- Transcribing agency: ARRUPE
100 ## - HEADING--PERSONAL NAME
- Personal name: Seymour-Smith, Martin, ed.
670 ## - SOURCE DATA FOUND
- Source citation: Work cat.: (ARRUPE): Shakespeare, William 15960, Shakespeare's sonnets , 1963